| 000 | 00445nam a2200181Ia 4500 | ||
|---|---|---|---|
| 001 | 3746 | ||
| 005 | 20260306145706.0 | ||
| 008 | 260306t2004||||xx |||||||||||||| ||spa|| | ||
| 041 | _aESP | ||
| 082 |
_a302.1 _bL88 |
||
| 100 |
_aLópez Quintás, Alfonso _eAUT |
||
| 245 | 0 | _aLa defensa de la libertad en la era de la comunicación | |
| 260 | _c2004 | ||
| 300 |
_a158 p _c21 cm. |
||
| 650 | _aGEN | ||
| 654 | _aCED | ||
| 942 |
_cLIB _dJUS _fJUS _2ddc _n |
||
| 999 |
_c3746 _d3746 |
||